000 00527nam a2200217Ia 4500
008 210210b1999 xxu||||| |||| 00| 0 eng d
020 _a0856921440
041 _aeng
082 _a820.3201 TAGS
100 _aTAGORE (Rabindranath)
245 _aShort stories from Rabindranath Tagore
260 _aLondon
_bNot Mentioned
_c1999
300 _axi,249
650 _aTagore
650 _astories
650 _aShort
650 _aRabindranath
650 _afrom
690 _aIndian English Fiction
906 _a061878
999 _c115667
_d115667